[Event "2023 US National Elementary K-6 Championship"]
[Site "Baltimore, Maryland, United States"]
[Date "2023.05.12"]
[Round "1.8"]
[White "Liu, Aiden"]
[Black "Tanaka, Takki"]
[Result "1-0"]
[TimeControl "G/90; d10"]
[WhiteElo "2192"]
[BlackElo "1400"]

1. e4 {[%clk 01:30:00]} {[%emt 00:00:03]} e5 {[%clk 01:30:00]} {[%emt
00:00:11]} 2. Nf3 {[%clk 01:30:00]} {[%emt 00:00:07]} Nc6 {[%clk 01:30:00]}
{[%emt 00:00:05]} 3. d4 {[%clk 01:28:53]} {[%emt 00:01:17]} exd4 {[%clk
01:30:00]} {[%emt 00:00:05]} 4. Nxd4 {[%clk 01:28:53]} {[%emt 00:00:01]} Nf6
{[%clk 01:30:00]} {[%emt 00:00:08]} 5. Nxc6 {[%clk 01:28:53]} {[%emt 00:00:03]}
bxc6 {[%clk 01:30:00]} {[%emt 00:00:05]} 6. Bd3 {[%clk 01:28:53]} {[%emt
00:00:02]} d5 {[%clk 01:28:31]} {[%emt 00:01:39]} 7. exd5 {[%clk 01:28:53]}
{[%emt 00:00:08]} cxd5 {[%clk 01:28:30]} {[%emt 00:00:10]} 8. O-O {[%clk
01:28:53]} {[%emt 00:00:04]} Bd6 {[%clk 01:27:17]} {[%emt 00:01:23]} 9. Re1+
{[%clk 01:27:12]} {[%emt 00:01:52]} Be6 {[%clk 01:27:17]} {[%emt 00:00:07]} 10.
Bb5+ {[%clk 01:26:41]} {[%emt 00:00:41]} Nd7 {[%clk 01:26:37]} {[%emt
00:00:50]} 11. Bc6 {[%clk 01:15:11]} {[%emt 00:11:40]} Rb8 {[%clk 01:25:15]}
{[%emt 00:01:32]} 12. Bxd5 {[%clk 01:10:42]} {[%emt 00:04:39]} O-O {[%clk
01:24:50]} {[%emt 00:00:34]} 13. Nc3 {[%clk 01:10:10]} {[%emt 00:00:43]} Nb6
{[%clk 01:23:35]} {[%emt 00:01:26]} 14. Bxe6 {[%clk 01:08:30]} {[%emt
00:01:50]} fxe6 {[%clk 01:23:35]} {[%emt 00:00:06]} 15. Qg4 {[%clk 01:08:09]}
{[%emt 00:00:31]} e5 {[%clk 01:20:59]} {[%emt 00:02:47]} 16. Bg5 {[%clk
01:05:27]} {[%emt 00:02:51]} Be7 {[%clk 01:20:37]} {[%emt 00:00:31]} 17. Rad1
{[%clk 00:57:40]} {[%emt 00:07:57]} Qc8 {[%clk 01:18:23]} {[%emt 00:02:26]} 18.
Qxc8 {[%clk 00:56:45]} {[%emt 00:01:05]} Nxc8 {[%clk 01:16:15]} {[%emt
00:02:17]} 19. Bxe7 {[%clk 00:55:32]} {[%emt 00:01:23]} Nxe7 {[%clk 01:11:47]}
{[%emt 00:04:38]} 20. Rd7 {[%clk 00:53:47]} {[%emt 00:01:55]} Ng6 {[%clk
01:11:44]} {[%emt 00:00:14]} 21. b3 {[%clk 00:53:47]} {[%emt 00:00:08]} Rf7
{[%clk 01:10:42]} {[%emt 00:01:12]} 22. Red1 {[%clk 00:53:04]} {[%emt
00:00:53]} Nf8 {[%clk 01:07:28]} {[%emt 00:03:25]} 23. Rd8 {[%clk 00:52:00]}
{[%emt 00:01:13]} Rb6 {[%clk 01:03:52]} {[%emt 00:03:38]} 24. Ne4 {[%clk
00:49:27]} {[%emt 00:02:51]} Ra6 {[%clk 01:02:24]} {[%emt 00:01:38]} 25. a4
{[%clk 00:48:49]} {[%emt 00:00:49]} Rc6 {[%clk 01:00:32]} {[%emt 00:02:01]} 26.
c3 {[%clk 00:47:20]} {[%emt 00:01:39]} g6 {[%clk 00:59:53]} {[%emt 00:00:49]}
27. Re8 {[%clk 00:44:39]} {[%emt 00:02:52]} Rf5 {[%clk 00:59:36]} {[%emt
00:00:27]} 28. Rd5 {[%clk 00:43:09]} {[%emt 00:01:40]} Kf7 {[%clk 00:53:31]}
{[%emt 00:06:15]} 29. Rdxe5 {[%clk 00:41:43]} {[%emt 00:01:37]} Ne6 {[%clk
00:52:28]} {[%emt 00:01:13]} 30. R8xe6 {[%clk 00:40:55]} {[%emt 00:00:58]} Rxe6
{[%clk 00:49:38]} {[%emt 00:03:00]} 31. Rxf5+ {[%clk 00:40:55]} {[%emt
00:00:04]} gxf5 {[%clk 00:49:30]} {[%emt 00:00:17]} 32. Ng5+ {[%clk 00:40:55]}
{[%emt 00:00:03]} Kf6 {[%clk 00:49:30]} {[%emt 00:00:06]} 33. Nxe6 {[%clk
00:40:55]} {[%emt 00:00:02]} Kxe6 {[%clk 00:49:30]} {[%emt 00:00:08]} 34. f4
{[%clk 00:40:49]} {[%emt 00:00:15]} Kd5 {[%clk 00:49:26]} {[%emt 00:00:14]} 35.
Kf2 {[%clk 00:40:49]} {[%emt 00:00:04]} Ke4 {[%clk 00:49:26]} {[%emt 00:00:05]}
36. g3 {[%clk 00:40:49]} {[%emt 00:00:02]} Kd3 {[%clk 00:49:26]} {[%emt
00:00:04]} 37. g4 {[%clk 00:40:45]} {[%emt 00:00:14]} Ke4 {[%clk 00:49:11]}
{[%emt 00:00:26]} 38. gxf5 {[%clk 00:40:45]} {[%emt 00:00:04]} Kxf5 {[%clk
00:49:11]} {[%emt 00:00:06]} 39. Kf3 {[%clk 00:40:45]} a6 {[%clk 00:49:11]}
{[%emt 00:00:08]} 40. b4 {[%clk 00:40:45]} {[%emt 00:00:05]} c6 {[%clk
00:49:11]} {[%emt 00:00:08]} 41. c4 {[%clk 00:40:45]} {[%emt 00:00:03]} h6
{[%clk 00:49:11]} {[%emt 00:00:09]} 42. b5 {[%clk 00:40:45]} {[%emt 00:00:07]}
axb5 {[%clk 00:49:11]} {[%emt 00:00:08]} 43. axb5 {[%clk 00:40:45]} {[%emt
00:00:05]} cxb5 {[%clk 00:49:11]} {[%emt 00:00:04]} 44. cxb5 {[%clk 00:40:45]}
{[%emt 00:00:01]} 1-0

[Event "2023 US National Elementary K-6 Championship"]
[Site "Baltimore, Maryland, United States"]
[Date "2023.05.12"]
[Round "1.13"]
[White "Varma, Anay"]
[Black "Mansurov, Yusuf"]
[Result "0-1"]
[TimeControl "G/90; d10"]
[WhiteElo "1390"]
[BlackElo "2045"]

1. e4 {[%clk 01:30:00]} {[%emt 00:00:01]} c6 {[%clk 01:30:00]} {[%emt
00:00:04]} 2. d4 {[%clk 01:30:00]} {[%emt 00:00:03]} d5 {[%clk 01:30:00]}
{[%emt 00:00:07]} 3. exd5 {[%clk 01:30:00]} {[%emt 00:00:03]} cxd5 {[%clk
01:30:00]} {[%emt 00:00:06]} 4. Bd3 {[%clk 01:30:00]} {[%emt 00:00:02]} Nf6
{[%clk 01:30:00]} {[%emt 00:00:08]} 5. c3 {[%clk 01:29:55]} {[%emt 00:00:15]}
g6 {[%clk 01:30:00]} {[%emt 00:00:07]} 6. Bf4 {[%clk 01:29:31]} {[%emt
00:00:33]} Nc6 {[%clk 01:30:00]} {[%emt 00:00:10]} 7. Nf3 {[%clk 01:29:20]}
{[%emt 00:00:22]} Bg7 {[%clk 01:29:59]} {[%emt 00:00:11]} 8. Nbd2 {[%clk
01:29:03]} {[%emt 00:00:27]} O-O {[%clk 01:29:18]} {[%emt 00:00:52]} 9. O-O
{[%clk 01:29:03]} {[%emt 00:00:06]} Bf5 {[%clk 01:29:16]} {[%emt 00:00:11]} 10.
Nb3 {[%clk 01:28:14]} {[%emt 00:00:59]} Nd7 {[%clk 01:18:33]} {[%emt 00:10:53]}
11. Bxf5 {[%clk 01:25:04]} {[%emt 00:03:19]} gxf5 {[%clk 01:17:05]} {[%emt
00:01:37]} 12. Qd2 {[%clk 01:25:04]} {[%emt 00:00:02]} Kh8 {[%clk 01:16:16]}
{[%emt 00:00:58]} 13. Bh6 {[%clk 01:24:23]} {[%emt 00:00:51]} Rg8 {[%clk
01:15:55]} {[%emt 00:00:31]} 14. Ng5 {[%clk 01:23:43]} {[%emt 00:00:49]} Qf8
{[%clk 01:11:49]} {[%emt 00:04:17]} 15. Bxg7+ {[%clk 01:22:35]} {[%emt
00:01:17]} Qxg7 {[%clk 01:11:49]} {[%emt 00:00:07]} 16. f4 {[%clk 01:22:33]}
{[%emt 00:00:13]} h6 {[%clk 01:08:31]} {[%emt 00:03:28]} 17. Rf3 {[%clk
01:21:25]} {[%emt 00:01:17]} Nf6 {[%clk 01:08:06]} {[%emt 00:00:36]} 18. Rh3
{[%clk 01:20:47]} {[%emt 00:00:47]} Ne4 {[%clk 00:58:08]} {[%emt 00:10:09]} 19.
Nxf7+ {[%clk 01:19:21]} {[%emt 00:01:36]} Qxf7 {[%clk 00:57:37]} {[%emt
00:00:41]} 20. Rxh6+ {[%clk 01:19:06]} {[%emt 00:00:25]} Kg7 {[%clk 00:57:37]}
{[%emt 00:00:07]} 21. Qe1 {[%clk 01:17:45]} {[%emt 00:01:31]} Kxh6 {[%clk
00:56:56]} {[%emt 00:00:51]} 22. Qh4+ {[%clk 01:17:45]} {[%emt 00:00:06]} Kg7
{[%clk 00:56:56]} {[%emt 00:00:06]} 23. Re1 {[%clk 01:16:42]} {[%emt 00:01:13]}
Rh8 {[%clk 00:56:51]} {[%emt 00:00:15]} 24. Qxh8+ {[%emt 00:00:58]} Rxh8 {[%clk
00:56:49]} {[%emt 00:00:03]} 25. Nc5 {[%clk 01:15:35]} {[%emt 00:00:39]} Nxc5
{[%clk 00:56:20]} {[%emt 00:00:39]} 26. dxc5 {[%clk 01:15:35]} {[%emt
00:00:07]} Qh5 {[%clk 00:56:20]} {[%emt 00:00:05]} 27. h3 {[%clk 01:15:35]}
{[%emt 00:00:05]} Qh4 {[%clk 00:56:20]} {[%emt 00:00:08]} 28. Rf1 {[%clk
01:15:20]} {[%emt 00:00:25]} Kf6 {[%clk 00:56:20]} {[%emt 00:00:02]} 29. Rf2
{[%clk 01:15:13]} {[%emt 00:00:17]} e5 {[%clk 00:56:20]} {[%emt 00:00:01]} 30.
fxe5+ {[%clk 01:15:09]} {[%emt 00:00:14]} Nxe5 {[%clk 00:56:20]} {[%emt
00:00:01]} 31. b4 {[%clk 01:14:36]} {[%emt 00:00:43]} Qg3 {[%clk 00:56:20]}
{[%emt 00:00:07]} 32. b5 {[%clk 01:14:14]} {[%emt 00:00:32]} Rxh3 {[%clk
00:56:20]} {[%emt 00:00:07]} 33. Kf1 {[%clk 01:14:14]} {[%emt 00:00:07]} Nd3
{[%clk 00:56:20]} {[%emt 00:00:05]} 34. Rxf5+ {[%clk 01:13:55]} {[%emt
00:00:29]} Kxf5 {[%clk 00:56:20]} {[%emt 00:00:01]} 35. Ke2 {[%clk 01:13:51]}
{[%emt 00:00:13]} Qxg2+ {[%clk 00:56:20]} {[%emt 00:00:07]} 36. Kd1 {[%clk
01:13:51]} {[%emt 00:00:09]} Rh1# {[%clk 00:56:20]} {[%emt 00:00:06]} 0-1

[Event "2023 US National Elementary K-6 Championship"]
[Site "Baltimore, Maryland, United States"]
[Date "2023.05.12"]
[Round "1.5"]
[White "Cherukuri, Nitesh"]
[Black "Du, Andrew"]
[Result "1-0"]
[TimeControl "G/90; d10"]
[WhiteElo "2053"]
[BlackElo "1440"]

1. e4 {[%clk 01:29:51]} {[%emt 00:00:18]} d5 {[%clk 01:30:00]} {[%emt
00:00:19]} 2. exd5 {[%clk 01:29:51]} Qxd5 {[%clk 01:30:00]} {[%emt 00:00:20]} 3.
Nf3 {[%clk 01:29:51]} Nf6 {[%clk 01:29:49]} {[%emt 00:00:08]} 4. d4 {[%clk
01:29:29]} {[%emt 00:00:35]} c6 {[%clk 01:29:21]} {[%emt 00:00:35]} 5. Be2
{[%clk 01:26:41]} {[%emt 00:03:00]} Qa5+ {[%clk 01:28:46]} {[%emt 00:00:47]} 6.
Bd2 {[%clk 01:24:27]} {[%emt 00:02:19]} Qc7 {[%clk 01:28:46]} {[%emt 00:00:17]}
7. c4 {[%clk 01:22:52]} {[%emt 00:01:38]} Bf5 {[%clk 01:28:04]} {[%emt
00:00:52]} 8. Nc3 {[%clk 01:22:26]} {[%emt 00:00:38]} e6 {[%clk 01:27:42]}
{[%emt 00:00:30]} 9. Qc1 {[%clk 01:10:18]} {[%emt 00:12:28]} Nbd7 {[%clk
01:26:27]} {[%emt 00:01:14]} 10. O-O {[%clk 01:07:46]} {[%emt 00:02:41]} b6
{[%clk 01:25:15]} {[%emt 00:01:23]} 11. Bf4 {[%clk 01:06:40]} {[%emt 00:01:19]}
Bd6 {[%clk 01:24:35]} {[%emt 00:00:47]} 12. Bxd6 {[%clk 01:06:02]} {[%emt
00:00:47]} Qxd6 {[%clk 01:24:16]} {[%emt 00:00:42]} 13. Rd1 {[%clk 01:04:45]}
{[%emt 00:01:46]} O-O {[%clk 01:23:16]} {[%emt 00:00:48]} 14. h3 {[%clk
01:03:08]} {[%emt 00:01:38]} Rad8 {[%clk 01:20:32]} {[%emt 00:02:54]} 15. Qe3
{[%clk 01:00:12]} {[%emt 00:03:06]} Rfe8 {[%clk 01:19:55]} {[%emt 00:00:46]} 16.
a3 {[%clk 00:59:11]} {[%emt 00:01:19]} h6 {[%clk 01:16:09]} {[%emt 00:03:49]}
17. Ne5 {[%clk 00:58:19]} {[%emt 00:01:09]} Bc2 {[%clk 01:13:20]} {[%emt
00:03:15]} 18. Re1 {[%clk 00:57:03]} {[%emt 00:01:27]} Qc7 {[%clk 01:06:12]}
{[%emt 00:06:54]} 19. Rac1 {[%clk 00:54:22]} {[%emt 00:02:53]} Bb3 {[%clk
01:04:49]} {[%emt 00:01:32]} 20. Nb1 {[%clk 00:51:42]} {[%emt 00:02:51]} Ba2
{[%clk 01:02:29]} {[%emt 00:02:31]} 21. Nd2 {[%clk 00:48:46]} {[%emt 00:03:02]}
c5 {[%clk 00:58:20]} {[%emt 00:04:19]} 22. Nxd7 {[%clk 00:48:40]} {[%emt
00:00:16]} Nxd7 {[%clk 00:58:08]} {[%emt 00:00:46]} 23. Ra1 {[%clk 00:48:16]}
{[%emt 00:00:12]} cxd4 {[%clk 00:57:56]} {[%emt 00:00:22]} 24. Qg3 {[%clk
00:47:29]} {[%emt 00:00:59]} Qxg3 {[%clk 00:55:13]} {[%emt 00:02:49]} 25. fxg3
{[%clk 00:47:07]} {[%emt 00:00:33]} d3 {[%clk 00:53:30]} {[%emt 00:01:53]} 26.
Bf3 {[%clk 00:46:28]} {[%emt 00:00:58]} Bxc4 {[%clk 00:51:13]} {[%emt
00:02:18]} 27. Nxc4 {[%clk 00:46:22]} {[%emt 00:00:37]} Rc8 {[%clk 00:51:13]}
{[%emt 00:00:03]} 28. Nd6 {[%emt 00:00:05]} 1-0

[Event "2023 US National Elementary K-6 Championship"]
[Site "Baltimore, Maryland, United States"]
[Date "2023.05.12"]
[Round "1.9"]
[White "Li, Ella"]
[Black "Guo, Ethan"]
[Result "0-1"]
[TimeControl "G/90; d10"]
[WhiteElo "1399"]
[BlackElo "2103"]

1. d4 {[%clk 01:30:00]} {[%emt 00:00:01]} Nf6 {[%clk 01:30:00]} {[%emt
00:00:08]} 2. c4 {[%clk 01:30:00]} {[%emt 00:00:09]} e6 {[%clk 01:30:00]}
{[%emt 00:00:03]} 3. Bf4 {[%clk 01:29:52]} {[%emt 00:00:18]} d5 {[%clk
01:29:56]} {[%emt 00:00:15]} 4. e3 {[%clk 01:29:52]} {[%emt 00:00:06]} c6
{[%clk 01:29:56]} {[%emt 00:00:04]} 5. Nf3 {[%clk 01:29:51]} {[%emt 00:00:09]}
Bb4+ {[%clk 01:29:35]} {[%emt 00:00:32]} 6. Nbd2 {[%clk 01:28:44]} {[%emt
00:01:17]} O-O {[%clk 01:29:35]} {[%emt 00:00:05]} 7. Bd3 {[%clk 01:28:37]}
{[%emt 00:00:16]} Nbd7 {[%clk 01:29:14]} {[%emt 00:00:32]} 8. O-O {[%clk
01:28:36]} {[%emt 00:00:11]} h6 {[%emt 00:00:50]} 9. a3 {[%clk 01:28:12]}
{[%emt 00:00:28]} Be7 {[%clk 01:28:40]} {[%emt 00:00:05]} 10. Re1 {[%clk
01:27:37]} {[%emt 00:00:44]} Nh5 {[%clk 01:28:40]} {[%emt 00:00:06]} 11. Bg3
{[%clk 01:27:01]} {[%emt 00:00:45]} Nxg3 {[%clk 01:28:40]} {[%emt 00:00:07]} 12.
hxg3 {[%clk 01:26:29]} {[%emt 00:00:42]} Nf6 {[%clk 01:28:35]} {[%emt
00:00:16]} 13. e4 {[%clk 01:26:03]} {[%emt 00:00:36]} dxe4 {[%clk 01:28:35]}
{[%emt 00:00:09]} 14. Nxe4 {[%clk 01:26:01]} {[%emt 00:00:10]} Nxe4 {[%clk
01:28:32]} {[%emt 00:00:14]} 15. Bxe4 {[%clk 01:26:01]} {[%emt 00:00:09]} Bf6
{[%clk 01:28:32]} {[%emt 00:00:10]} 16. Rb1 {[%clk 01:25:12]} {[%emt 00:00:59]}
Qc7 {[%clk 01:27:41]} {[%emt 00:01:01]} 17. Qc2 {[%clk 01:24:44]} {[%emt
00:00:36]} Rd8 {[%clk 01:27:38]} {[%emt 00:00:15]} 18. Red1 {[%clk 01:23:58]}
{[%emt 00:00:55]} Bd7 {[%clk 01:26:09]} {[%emt 00:01:41]} 19. b4 {[%clk
01:20:07]} {[%emt 00:04:00]} Rac8 {[%clk 01:24:07]} {[%emt 00:02:13]} 20. Rbc1
{[%clk 01:18:26]} {[%emt 00:01:50]} Be8 {[%clk 01:23:10]} {[%emt 00:01:07]} 21.
a4 {[%clk 01:16:27]} {[%emt 00:02:09]} Qe7 {[%clk 01:23:00]} {[%emt 00:00:21]}
22. Qb2 {[%clk 01:14:25]} {[%emt 00:02:11]} c5 {[%clk 01:22:21]} {[%emt
00:00:50]} 23. bxc5 {[%clk 01:14:12]} {[%emt 00:00:22]} Bxa4 {[%emt 00:00:59]}
24. Rd3 {[%clk 01:12:39]} {[%emt 00:01:20]} Bc6 {[%clk 01:16:31]} {[%emt
00:05:34]} 25. Qe2 {[%clk 01:10:27]} {[%emt 00:02:20]} b6 {[%clk 01:14:54]}
{[%emt 00:01:49]} 26. d5 {[%clk 01:05:41]} {[%emt 00:04:55]} exd5 {[%clk
01:14:08]} {[%emt 00:00:57]} 27. cxd5 {[%clk 01:05:36]} {[%emt 00:00:14]} Bxd5
{[%clk 01:13:54]} {[%emt 00:00:24]} 28. Re3 {[%clk 01:02:52]} {[%emt 00:02:53]}
Bxe4 {[%clk 01:13:01]} {[%emt 00:01:04]} 29. Rxe4 {[%clk 01:02:49]} {[%emt
00:00:12]} Qd7 {[%clk 01:12:11]} {[%emt 00:01:01]} 30. Ne5 {[%clk 01:01:41]}
{[%emt 00:01:17]} Bxe5 {[%clk 01:08:21]} {[%emt 00:04:01]} 31. Rxe5 {[%clk
01:01:34]} {[%emt 00:00:17]} bxc5 {[%clk 01:08:07]} {[%emt 00:00:25]} 32. Rcxc5
{[%clk 01:00:29]} {[%emt 00:01:14]} Rxc5 {[%clk 01:08:07]} {[%emt 00:00:09]} 33.
Rxc5 {[%clk 01:00:27]} {[%emt 00:00:12]} Qd1+ {[%clk 01:08:07]} {[%emt
00:00:04]} 34. Qxd1 {[%clk 01:00:16]} {[%emt 00:00:21]} Rxd1+ {[%clk 01:08:07]}
{[%emt 00:00:04]} 35. Kh2 {[%clk 01:00:16]} {[%emt 00:00:06]} Rd8 {[%clk
01:08:07]} {[%emt 00:00:05]} 36. Ra5 {[%clk 00:59:33]} {[%emt 00:00:53]} Ra8
{[%clk 01:08:07]} {[%emt 00:00:06]} 37. Kh3 {[%clk 00:58:47]} {[%emt 00:00:55]}
Kf8 {[%clk 01:07:43]} {[%emt 00:00:36]} 38. Kh4 {[%clk 00:58:42]} {[%emt
00:00:14]} a6 {[%clk 01:07:41]} {[%emt 00:00:14]} 39. g4 {[%clk 00:58:37]}
{[%emt 00:00:14]} Ke7 {[%clk 01:07:19]} {[%emt 00:00:32]} 40. g5 {[%clk
00:57:43]} {[%emt 00:01:03]} hxg5+ {[%clk 01:07:07]} {[%emt 00:00:23]} 41. Kxg5
{[%clk 00:57:43]} {[%emt 00:00:07]} Kd6 {[%clk 01:07:07]} {[%emt 00:00:05]} 42.
f4 {[%clk 00:57:25]} {[%emt 00:00:27]} Kc6 {[%clk 01:07:07]} {[%emt 00:00:09]}
43. f5 {[%clk 00:57:22]} {[%emt 00:00:13]} Kb6 {[%clk 01:07:07]} {[%emt
00:00:08]} 44. Ra1 {[%clk 00:57:21]} {[%emt 00:00:11]} Ra7 {[%clk 01:05:41]}
{[%emt 00:01:36]} 45. g4 {[%clk 00:57:01]} {[%emt 00:00:29]} a5 {[%clk
01:05:41]} {[%emt 00:00:06]} 46. f6 {[%clk 00:57:01]} {[%emt 00:00:08]} gxf6+
{[%clk 01:05:28]} {[%emt 00:00:23]} 47. Kxf6 {[%clk 00:56:49]} {[%emt
00:00:22]} a4 {[%clk 01:05:28]} {[%emt 00:00:07]} 48. g5 {[%clk 00:56:49]}
{[%emt 00:00:09]} Kb5 {[%clk 01:05:28]} {[%emt 00:00:07]} 49. Ke5 {[%clk
00:53:48]} {[%emt 00:03:10]} a3 {[%clk 01:05:26]} {[%emt 00:00:14]} 50. Kd4
{[%clk 00:53:48]} {[%emt 00:00:06]} Kb4 {[%clk 01:05:12]} {[%emt 00:00:24]} 51.
Rb1+ {[%clk 00:53:40]} {[%emt 00:00:18]} Ka4 {[%clk 01:05:09]} {[%emt
00:00:13]} 52. Kc3 {[%clk 00:51:35]} {[%emt 00:02:05]} Rc7+ {[%clk 01:05:07]}
{[%emt 00:00:22]} 53. Kd2 {[%clk 00:50:44]} {[%emt 00:00:57]} a2 {[%clk
01:05:05]} {[%emt 00:00:15]} 54. Ra1 {[%clk 00:49:52]} {[%emt 00:01:02]} Kb3
{[%clk 01:04:55]} {[%emt 00:00:20]} 55. Ke3 {[%clk 00:48:40]} {[%emt 00:01:19]}
Kb2 {[%clk 01:04:55]} {[%emt 00:00:10]} 56. Rh1 {[%clk 00:48:25]} {[%emt
00:00:22]} a1=Q {[%clk 01:04:55]} {[%emt 00:00:11]} 57. Rxa1 {[%clk 00:48:20]}
{[%emt 00:00:15]} Kxa1 {[%clk 01:04:55]} {[%emt 00:00:07]} 58. Kf4 {[%clk
00:48:20]} {[%emt 00:00:01]} Rc6 {[%clk 01:04:55]} {[%emt 00:00:10]} 59. Kf5
{[%clk 00:47:56]} {[%emt 00:00:34]} Kb2 {[%clk 01:04:38]} {[%emt 00:00:27]} 60.
Ke5 {[%clk 00:47:18]} {[%emt 00:00:47]} Kc3 {[%clk 01:04:30]} {[%emt 00:00:18]}
61. Kf5 {[%clk 00:46:00]} {[%emt 00:01:27]} Kd4 {[%clk 01:04:27]} {[%emt
00:00:14]} 62. Kf4 {[%clk 00:45:56]} {[%emt 00:00:12]} Rg6 {[%clk 01:04:27]}
{[%emt 00:00:06]} 63. Kf5 {[%clk 00:45:44]} {[%emt 00:00:21]} Kd5 {[%clk
01:04:27]} {[%emt 00:00:11]} 64. Kf4 {[%clk 00:45:33]} {[%emt 00:00:19]} Ke6
{[%clk 01:04:27]} {[%emt 00:00:05]} 65. Kg4 {[%clk 00:45:29]} {[%emt 00:00:14]}
f6 {[%clk 01:04:27]} {[%emt 00:00:10]} 66. Kh5 {[%clk 00:45:09]} {[%emt
00:00:28]} Rxg5+ {[%emt 00:00:09]} 67. Kh4 {[%clk 00:45:01]} {[%emt 00:00:18]}
Kf5 {[%clk 01:04:27]} {[%emt 00:00:06]} 68. Kh3 {[%clk 00:45:01]} {[%emt
00:00:09]} Rg7 {[%clk 01:04:22]} {[%emt 00:00:14]} 69. Kh2 {[%clk 00:45:01]}
{[%emt 00:00:09]} Kf4 {[%clk 01:04:22]} {[%emt 00:00:05]} 70. Kh3 {[%clk
00:44:55]} {[%emt 00:00:16]} Rg8 {[%clk 01:04:22]} {[%emt 00:00:09]} 71. Kh2
{[%clk 00:44:55]} {[%emt 00:00:09]} Kf3 {[%clk 01:04:22]} {[%emt 00:00:06]} 72.
Kh1 {[%clk 00:44:44]} {[%emt 00:00:21]} Kf2 {[%clk 01:04:22]} {[%emt 00:00:10]}
73. Kh2 {[%clk 00:44:44]} {[%emt 00:00:02]} Rh8 {[%clk 01:04:22]} {[%emt
00:00:07]} 0-1

[Event "2023 US National Elementary K-6 Championship"]
[Site "Baltimore, Maryland, United States"]
[Date "2023.05.12"]
[Round "1.16"]
[White "Cai, William"]
[Black "Zhu, Linxi"]
[Result "0-1"]
[TimeControl "G/90; d10"]
[WhiteElo "1090"]
[BlackElo "2004"]

1. e4 {[%clk 01:27:57]} {[%emt 00:02:10]} c5 {[%clk 01:30:00]} {[%emt
00:00:13]} 2. Nf3 {[%clk 01:27:49]} {[%emt 00:00:18]} d6 {[%clk 01:30:00]}
{[%emt 00:00:07]} 3. d4 {[%clk 01:27:49]} {[%emt 00:00:05]} cxd4 {[%clk
01:30:00]} {[%emt 00:00:04]} 4. Nxd4 {[%clk 01:27:49]} {[%emt 00:00:09]} Nf6
{[%clk 01:30:00]} {[%emt 00:00:06]} 5. Nc3 {[%clk 01:27:49]} {[%emt 00:00:06]}
a6 {[%clk 01:30:00]} {[%emt 00:00:08]} 6. Be3 {[%clk 01:27:49]} {[%emt
00:00:05]} e5 {[%clk 01:29:57]} {[%emt 00:00:13]} 7. Nf3 {[%clk 01:27:40]}
{[%emt 00:00:18]} Be7 {[%clk 01:29:37]} {[%emt 00:00:29]} 8. h3 {[%clk
01:27:13]} {[%emt 00:00:37]} h6 {[%clk 01:29:20]} {[%emt 00:00:27]} 9. Be2
{[%clk 01:25:41]} {[%emt 00:01:43]} Be6 {[%clk 01:28:40]} {[%emt 00:00:50]} 10.
Nd5 {[%clk 01:24:58]} {[%emt 00:00:53]} Bxd5 {[%clk 01:27:19]} {[%emt
00:01:32]} 11. exd5 {[%clk 01:24:52]} {[%emt 00:00:16]} Qa5+ {[%clk 01:27:13]}
{[%emt 00:00:16]} 12. c3 {[%clk 01:23:06]} {[%emt 00:01:56]} Qxd5 {[%clk
01:26:25]} {[%emt 00:00:58]} 13. O-O {[%clk 01:22:28]} {[%emt 00:00:48]} Qxd1
{[%clk 01:26:11]} {[%emt 00:00:24]} 14. Raxd1 {[%clk 01:22:03]} {[%emt
00:00:36]} Nc6 {[%clk 01:25:40]} {[%emt 00:00:41]} 15. Rfe1 {[%clk 01:21:09]}
{[%emt 00:01:04]} O-O {[%clk 01:21:43]} {[%emt 00:04:06]} 16. Nd2 {[%clk
01:20:04]} {[%emt 00:01:15]} b5 {[%clk 01:20:08]} {[%emt 00:01:45]} 17. Bf3
{[%clk 01:17:48]} {[%emt 00:02:26]} Rac8 {[%clk 01:19:46]} {[%emt 00:00:32]} 18.
Ne4 {[%clk 01:17:12]} {[%emt 00:00:47]} Nxe4 {[%clk 01:18:38]} {[%emt
00:01:18]} 19. Bxe4 {[%clk 01:17:12]} {[%emt 00:00:08]} Na5 {[%clk 01:08:55]}
{[%emt 00:09:52]} 20. b3 {[%clk 01:17:07]} {[%emt 00:00:16]} Nc6 {[%clk
01:04:13]} {[%emt 00:04:52]} 21. f4 {[%clk 01:12:39]} {[%emt 00:04:38]} f5
{[%clk 01:00:09]} {[%emt 00:04:14]} 22. Bd5+ {[%clk 01:10:12]} {[%emt
00:02:37]} Kh8 {[%clk 00:59:56]} {[%emt 00:00:24]} 23. Re2 {[%clk 01:08:21]}
{[%emt 00:02:02]} e4 {[%clk 00:58:44]} {[%emt 00:01:22]} 24. Be6 {[%clk
01:07:10]} {[%emt 00:01:20]} Rc7 {[%clk 00:57:54]} {[%emt 00:01:00]} 25. Bd5
{[%clk 01:03:18]} {[%emt 00:04:02]} Nb8 {[%clk 00:53:42]} {[%emt 00:04:22]} 26.
Rc2 {[%clk 00:55:35]} {[%emt 00:07:53]} Nd7 {[%clk 00:52:16]} {[%emt 00:01:36]}
27. Bb6 {[%emt 00:01:09]} Nxb6 {[%clk 00:51:58]} {[%emt 00:00:25]} 0-1